00655nam a22002177a 4500003000400000020001800004082001600022100001500038245002800053250000600081260004500087300001300132546001200145650002400157650003400181650002900215700001700244942001200261999001900273952014500292OSt a9788120417649 a337bVAI/IN aVaish, M C aInternational economics a9 aNew DelhibInternational Economicsc2013 ax, 508p. aEnglish aInternational trade aSupply and demand equilibrium aMonopolistic competition aSudama Singh 2ddccBK c163940d163940 00102ddc40708GenaKAUCLVbKAUCLVcGENERALd2019-04-30g525.00l1m2o337 VAI/INp228628r2022-09-12 00:00:00s2022-09-12w2019-04-30yBK